Перевод английской научно-технической литературы: Учебное пособие для втузов (Запис № 282835)

МАРК-запис
000 -LEADER
fixed length control field 01209nam a22001577a 4500
080 ## - UNIVERSAL DECIMAL CLASSIFICATION NUMBER
Universal Decimal Classification number 81.2
090 ## - LOCALLY ASSIGNED LC-TYPE CALL NUMBER (OCLC); LOCAL CALL NUMBER (OCLC)
Local cutter number (OCLC) ; Book number/undivided call number, CALL (RLIN) ПРО
100 ## - MAIN ENTRY--PERSONAL NAME
Personal name Пронина Р.Ф.
245 ## - TITLE STATEMENT
Title Перевод английской научно-технической литературы: Учебное пособие для втузов
250 ## - EDITION STATEMENT
Edition statement 3
260 ## - PUBLICATION, DISTRIBUTION, ETC. (IMPRINT)
Place of publication, distribution, etc Москва
Name of publisher, distributor, etc Высшая школа
Date of publication, distribution, etc 1986
300 ## - PHYSICAL DESCRIPTION
Extent 175
520 ## - SUMMARY, ETC.
Summary, etc В пособии рассматриваются основные языковые трудности, с которыми сталкиваются студенты при переводе оригинальной технической литературы. Пособие содержит следующие сведения по теории и технике перевода: организация работы над текстом, лексические и грамматические проблемы перевода, последовательность работы над текстом, перевод со словарем и без словаря и др.<br/>В 3-м издании расширена тематика текстов.
650 ## - SUBJECT ADDED ENTRY--TOPICAL TERM
Topical term or geographic name as entry element Translation
942 ## - ADDED ENTRY ELEMENTS (KOHA)
Koha item type Книги

Немає доступних примірників.